书目信息 |
| 题名: |
国际工程合同管理程序指南
|
|
| 作者: | 牛永宏 , 于东温 | |
| 分册: | ||
| 出版信息: | 北京 中国建筑工业出版社 |
|
| 页数: | 241页 | |
| 开本: | 20cm | |
| 丛书名: | 国际工程管理实践丛书 | |
| 单 册: | ||
| 中图分类: | F752.68 | |
| 科图分类: | ||
| 主题词: | 对外贸易--世界 | |
| 电子资源: | ||
| ISBN: | 978-7-112-11832-8 | |
| 000 | 00738nam0 2200229 450 | |
| 001 | 1653744507 | |
| 005 | 20160429145800.58 | |
| 010 | @a978-7-112-11832-8@dCNY 36.00 | |
| 100 | @a20160429d km y0chiy0120 ea | |
| 101 | 0 | @achi |
| 102 | @aCN@b110000 | |
| 200 | 1 | @a国际工程合同管理程序指南@Aguo ji gong cheng he tong guan li cheng xu zhi nan@f牛永宏,于东温@Fniu yong hong,yu dong wen |
| 210 | @a北京@c中国建筑工业出版社 | |
| 215 | @a241页@d20cm | |
| 225 | 2 | @a国际工程管理实践丛书 |
| 410 | 0 | @12001 @a国际工程管理实践丛书 |
| 606 | 0 | @a对外贸易@x世界 |
| 690 | @aF752.68@v4 | |
| 701 | 0 | @a牛永宏@Aniu yong hong |
| 701 | 0 | @a于东温@Ayu dong wen |
| 801 | 0 | @aCN@b大连网信软件有限公司图书馆·11@c20160429 |
| 905 | @aZUCC@dF752.68@eN726 | |
| 国际工程合同管理程序指南/牛永宏,于东温.-北京:中国建筑工业出版社 |
| 241页;20cm.-(国际工程管理实践丛书) |
| ISBN 978-7-112-11832-8:CNY 36.00 |
| ● |
| 相关链接 |
|
|
|
正题名:国际工程合同管理程序指南
索取号:F752.68/N726
 
预约/预借
| 序号 | 登录号 | 条形码 | 馆藏地/架位号 | 状态 | 备注 |
| 1 | 819502 | 208195022 | 管理学院资料室/ [索取号:F752.68/N726] | 在馆 |